[Event "SLO-ch 23rd"]
[Site "Sentjur"]
[Date "2013.04.12"]
[Round "7"]
[White "Milovanovic, Srecko"]
[Black "Debevec, Blaz"]
[Result "0-1"]
[WhiteElo "1924"]
[BlackElo "2069"]
[PlyCount "72"]
[EventDate "2013.04.06"]
[EventType "swiss"]
[EventRounds "9"]
[EventCountry "SLO"]
[SourceTitle "CBM 153 Extra"]
[Source "ChessBase"]
[SourceDate "2013.04.22"]
[SourceVersion "1"]
[SourceVersionDate "2013.04.22"]
[SourceQuality "1"]

1. e4 c5 2. Nf3 Nc6 3. d4 cxd4 4. Nxd4 g6 5. Nxc6 bxc6 6. Qd4 Nf6 7. e5 Ng8 8. e6 Nf6 9. exd7+ Bxd7 10. Nc3 Bg7 11. Bg5 Qb6 12. Qxb6 axb6 13. Bc4 0-0 14. 0-0 Bf5 15. Rac1 h6 16. Be3 Rfb8 17. Bf4 Rb7 18. Be5 h5 19. Rfd1 Bh6 20. f4 Nd7 21. Bb3 Nxe5 22. fxe5 Bxc1 23. Rxc1 Rd8 24. Nd1 Rd2 25. Kf1 Rbd7 26. Ne3 e6 27. h3 h4 28. Nc4 Rd1+ 29. Rxd1 Rxd1+ 30. Ke2 Rg1 31. Kf2 Rc1 32. Ne3 Rb1 33. Nxf5 gxf5 34. g3 hxg3+ 35. Kxg3 Rxb2 36. c4 Kg7 0-1

[Event "Sentjur Ipavec Memorial 11th"]
[Site "Sentjur"]
[Date "2010.09.20"]
[Round "6"]
[White "Amon, Nejc"]
[Black "Milovanovic, Srecko"]
[Result "0-1"]
[WhiteElo "1571"]
[BlackElo "1979"]
[PlyCount "152"]
[EventDate "2010.09.17"]
[EventType "swiss"]
[EventRounds "9"]
[EventCountry "SLO"]
[SourceTitle "CBM 138 Extra"]
[Source "ChessBase"]
[SourceDate "2010.10.29"]
[SourceVersion "1"]
[SourceVersionDate "2010.10.29"]
[SourceQuality "1"]

1. e4 e5 2. Nf3 d6 3. Bc4 Be7 4. 0-0 Nf6 5. d3 h6 6. h3 0-0 7. Nc3 Be6 8. Bxe6 fxe6 9. Be3 Nbd7 10. d4 exd4 11. Nxd4 Kf7 12. Qf3 c5 13. Nb3 Ne5 14. Qe2 Kg8 15. Rad1 b6 16. Bf4 Nfd7 17. Bg3 a6 18. Nc1 Qc7 19. Nd3 Nxd3 20. Qxd3 Ne5 21. Bxe5 dxe5 22. Qd7 Qxd7 23. Rxd7 Kf7 24. Na4 b5 25. Nc3 Ke8 26. Rdd1 c4 27. a3 Bc5 28. Rd2 Bd4 29. Nd1 Rf4 30. Re2 Ke7 31. c3 Bc5 32. Kh1 Rd8 33. f3 Rd3 34. Nf2 Bxf2 35. Rfxf2 Rf8 36. Rd2 Rfd8 37. Rxd3 Rxd3 38. Re2 Kd6 39. Kg1 Kc5 40. Kf1 a5 41. Ke1 b4 42. axb4+ axb4 43. cxb4+ Kxb4 44. Rd2 Rd4 45. Rf2 Kb3 46. Re2 g5 47. Rf2 h5 48. g4 h4 49. Re2 Rd8 50. Rf2 Ra8 51. Rd2 Ra1+ 52. Ke2 Rh1 53. Rd6 Kxb2 54. Rb6+ Kc2 55. Rxe6 Rxh3 56. Rxe5 Rh2+ 57. Ke3 Rd2 58. Rd5 Rd3+ 59. Ke2 h3 60. Rxg5 h2 61. Rh5 Rd2+ 62. Ke3 Kd1 63. e5 c3 64. e6 c2 65. Rc5 h1Q 66. Rxc2 Rxc2 67. Kf4 Qh2+ 68. Kf5 Rc5+ 69. Kg6 Qf4 70. e7 Re5 71. e8Q Rxe8 72. Kg7 Qxf3 73. g5 Qf8+ 74. Kg6 Re6+ 75. Kh5 Qf4 76. g6 Re5# 0-1

[Event "Sentjur Ipavec Memorial 11th"]
[Site "Sentjur"]
[Date "2010.09.19"]
[Round "4"]
[White "Unuk, Laura"]
[Black "Milovanovic, Srecko"]
[Result "1/2-1/2"]
[WhiteElo "1730"]
[BlackElo "1979"]
[PlyCount "97"]
[EventDate "2010.09.17"]
[EventType "swiss"]
[EventRounds "9"]
[EventCountry "SLO"]
[SourceTitle "CBM 138 Extra"]
[Source "ChessBase"]
[SourceDate "2010.10.29"]
[SourceVersion "1"]
[SourceVersionDate "2010.10.29"]
[SourceQuality "1"]

1. d4 d5 2. c4 Nf6 3. Nc3 e6 4. Bg5 Be7 5. Nf3 c6 6. e3 dxc4 7. Bxc4 Nd5 8. Bxe7 Qxe7 9. 0-0 f5 10. Nxd5 exd5 11. Bd3 0-0 12. Ne5 Nd7 13. f4 c5 14. Qd2 Nf6 15. b3 cxd4 16. exd4 Be6 17. Rac1 Rac8 18. Rc2 Rxc2 19. Qxc2 Rc8 20. Qb2 Ne4 21. Rc1 Qb4 22. Rxc8+ Bxc8 23. Qa1 Nc3 24. Nf3 Ne4 25. Qc1 Qc3 26. Qxc3 Nxc3 27. a3 Kf7 28. Kf2 Ne4+ 29. Ke3 h6 30. g3 Kf6 31. Nd2 Nd6 32. Nf3 Bd7 33. Ne5 Be8 34. a4 Ne4 35. Nf3 g5 36. Nd2 Nc3 37. Nf3 Bh5 38. Bc2 Na2 39. Ne5 Nb4 40. Kd2 Be8 41. Bd1 g4 42. Kc3 a5 43. Kd2 b5 44. axb5 Bxb5 45. Be2 Bxe2 46. Kxe2 Ke6 47. Kd2 h5 48. Kc3 Na2+ 49. Kb2 1/2-1/2

[Event "SLO-chT2 East"]
[Site "Velenje"]
[Date "2005.09.29"]
[Round "4"]
[White "Milovanovic, Srecko"]
[Black "Buzeti, Jernej"]
[Result "0-1"]
[WhiteElo "1873"]
[BlackElo "1928"]
[PlyCount "38"]
[EventDate "2005.05.27"]
[EventType "team"]
[EventRounds "9"]
[EventCountry "SLO"]
[SourceTitle "EXT 2009"]
[Source "ChessBase"]
[SourceDate "2008.11.26"]
[SourceVersion "1"]
[SourceVersionDate "2008.11.26"]
[SourceQuality "1"]

1. e4 c5 2. Nf3 e6 3. c4 Nc6 4. Nc3 Nf6 5. d4 cxd4 6. Nxd4 Bb4 7. Nxc6 bxc6 8. Bg5 h6 9. Bxf6 Qxf6 10. Rc1 Qg6 11. Qf3 Qg5 12. Rc2 0-0 13. Bd3 Rb8 14. b3 Qe5 15. Kd2 d5 16. exd5 exd5 17. Qe3 Qf6 18. a3 Bxc3+ 19. Rxc3 d4 0-1

[Event "SLO-chT2"]
[Site "Slovenia"]
[Date "2003.09.18"]
[Round "6"]
[White "Milovanovic, Srecko"]
[Black "Praznik, Niko"]
[Result "0-1"]
[WhiteElo "2002"]
[BlackElo "2282"]
[PlyCount "54"]
[EventDate "2003.05.02"]
[EventType "team"]
[EventRounds "9"]
[EventCountry "SLO"]
[SourceTitle "EXT 2005"]
[Source "ChessBase"]
[SourceDate "2004.11.15"]
[SourceVersion "1"]
[SourceVersionDate "2004.11.15"]
[SourceQuality "1"]

1. e4 e6 2. d4 d5 3. exd5 exd5 4. Nf3 Bd6 5. h3 Ne7 6. Bd3 Nbc6 7. c3 Bf5 8. 0-0 0-0 9. Qc2 Bxd3 10. Qxd3 Ng6 11. g3 a6 12. b4 Nce7 13. a4 Qd7 14. Kg2 Rfe8 15. Na3 Qxa4 16. h4 Qd7 17. h5 Nf8 18. Nh4 Qg4 19. f4 Nc6 20. h6 Ng6 21. Nf5 Bf8 22. hxg7 Bxg7 23. Be3 Re4 24. Nxg7 Kxg7 25. Rh1 Rae8 26. Rae1 Rxe3 27. Rxh7+ Kg8 0-1